000
00213nam a2200085Ia 4500
245
0
_a
Choke chain
100
_a
DONALD, Jason London, 2009
_9
73384
942
_c
BK
008
210817s9999 xx 000 0 und d
999
_c
291564
_d
291563